Henri Cartier-Bresson. Masters of photography

Bibliographic Details
Format: Book
Language:English
PhysicalDescription:95 s. fotogr. 21 cm
Published: New York Aperture c1987
ISBN:9780893817442
Subjects:

MARC

LEADER 00000nam a2200000 a 4500
001 vtls008996045
003 SK-MaSNL
005 20260301210307.0
008 210928s1987 xxuo g 000 0 eng
020 |a 9780893817442  |q (viaz.) 
040 |a SNK  |b slo  |c SNK  |e AACR2 
041 0 |a eng 
044 |a xxu  |c US 
072 7 |a 77  |x Fotografia. Fotografické postupy  |2 konspekt 
080 |a 77.044  |2 2001 
080 |a 77.041.5  |2 2001 
080 |a 741/744  |2 2001 
080 |a (084.12)  |2 2001 
245 0 0 |a Henri Cartier-Bresson. Masters of photography 
260 |a New York  |b Aperture  |c c1987 
300 |a 95 s.  |b fotogr.  |c 21 cm 
504 |a Obsahuje bibliogr. 
600 1 7 |a Cartier-Bresson, Henri,  |d 1908-2004  |2 SNKMA  |9 103072 
650 0 7 |a fotografia  |2 SNKPH  |9 1694 
650 0 7 |a reportážna fotografia  |2 SNKPH  |9 173002 
655 7 |a fotografické publikácie  |2 SNKPH  |9 70483 
919 |a 978-0-89381-744-2 
958 |a OND 
999 |c 913134  |d 915064 
952 |a SNK  |b SNK  |y VYP  |7 0  |p 17A0554746  |o snkIC 135045  |i snk2007/15592  |8 2  |g 9.96  |0 0  |1 0  |4 0  |d 2007-06-05  |l 0  |r 2026-02-24 07:49:57  |w 2026-02-24